000 00624nam a22002057a 4500
005 20241128110454.0
010 _aENG-142698
020 _c1070.00
_a9789361598289
035 _aEN-126230
037 _bDBAD
082 _a530
_213
100 _aHewitt, Paul G.
_974183
245 _aConceptual Physics /
_cBy Paul G. Hewitt
250 _a13
260 _aUttar Pradesh
_bPearson India Education Pvt Ltd
_c2025
270 _bUttar Pradesh
_a1st FLoor, Berger Tower, Plot No. C-001A/2, Sector-16B, Noida
_e201301
300 _a889p.
_c25cm(pb)
_bIndex
500 _a
942 _2ddc
_cEN
_h530
_mHEW
_e13
999 _c207110
_d207110